Producción y programación radial / (Registro nro. 6918)

000 -CABECERA
Campo de control de longitud fija 00805nam a22001937a 4500
008 - CAMPO FIJO DE DESCRIPCIÓN FIJA--INFORMACIÓN GENERAL
Campo de control de longitud fija 140724b2008 ho ||||| |||| 00| 0 spa d
090 ## - CAMPOS LOCALES
Número de clasificación (OCLC) ; Número de clasificación,LLAMADA (RLIN) 00049
Signatura local (OCLC) ; Signatura sin dividir, número de libro, CALL (RLIN) CCP 2008
100 ## - ENCABEZAMIENTO PRINCIPAL--NOMBRE PERSONAL
Nombre de persona Cerrato Castillo, Carlos David
9 (RLIN) 140
245 ## - TÍTULO PROPIAMENTE DICHO
Título Producción y programación radial /
Mención de responsabilidad, etc. Carlos David Cerrato Castillo
260 ## - PUBLICACIÓN, DISTRIBUCIÓN, ETC (PIE DE IMPRENTA)
Lugar de publicación, distribución, etc. Honduras, San Pedro Sula :
Nombre del editor, distribuidor, etc. Universidad de San Pedro Sula,
Fecha de publicación, distribución, etc. 2008.
300 ## - DESCRIPCIÓN FÍSICA
Extensión 56 p.
500 ## - NOTA GENERAL
Nota general Monografía en bodega
502 ## - NOTA DE TESIS
Programa Académico Licenciatura en Ciencias de la Comunicación y Publicidad /
Nombre de la institución que otorga el título Universidad de San Pedro Sula.
650 ## - ASIENTO SECUNDARIO DE MATERIA--TÉRMINO DE MATERIA
Nombre de materia o nombre geográfico como elemento de entrada COMUNICACIÓN Y PUBLICIDAD
9 (RLIN) 427
650 ## - ASIENTO SECUNDARIO DE MATERIA--TÉRMINO DE MATERIA
Nombre de materia o nombre geográfico como elemento de entrada PRODUCCIÓN-PROGRAMACIÓN RADIAL
9 (RLIN) 265
650 ## - ASIENTO SECUNDARIO DE MATERIA--TÉRMINO DE MATERIA
Nombre de materia o nombre geográfico como elemento de entrada MAGIA
9 (RLIN) 375
856 ## - ACCESO ELECTRÓNICO
Identificador uniforme del recurso URI https://drive.google.com/open?id=0BwkeKKAhXnTOSjd1WkJRaEZwb2s
942 ## - ELEMENTOS KOHA
Fuente de clasificación o esquema de ordenación en estanterías
Koha tipo de item Monografía
Parte de Clasificación 00049 CCP 2008
Existencias
Fuente de clasificación o esquema Fecha de Descarte Colección Disponibilidad Mostrar en OPAC Código de barras Ejemplar Signatura completa Fecha última consulta Tipo de Descarte Localización permanente Estado Formato de Material Localización actual Asignatura Fecha adquisición
 2016-08-05HemerotecaNULL 10053Ej. 100049 CCP 20082014-08-27DesactualizadoBiblioteca Central Sin préstamoPapelBiblioteca Central USAP2014-08-27
 2016-08-05HemerotecaNULL 10054Ej. 200049 CCP 20082014-08-28DesactualizadoBiblioteca Central Sin préstamoPapelBiblioteca Central USAP2014-08-28
 2016-08-05HemerotecaNULL 10055Ej. 300049 CCP 20082014-08-28DesactualizadoBiblioteca Central Sin préstamoPapelBiblioteca Central USAP2014-08-28

Campus Universitario - Ave. Circunvalación - San Pedro Sula, Honduras, C.A. / Tel: +504 2561.8777 / Fax: +504 2561.8787 / Email: info@usap.edu
Todos los Derechos Reservados. © MMXIII Universidad de San Pedro Sula